<?xml version="1.0" encoding="UTF-8"?>
<collection xmlns="http://www.loc.gov/MARC21/slim">
 <record>
  <leader>00997cam a2200265 7i4500</leader>
  <controlfield tag="001">0000013098</controlfield>
  <controlfield tag="005">20150325090000.0</controlfield>
  <controlfield tag="003">  iicp-my</controlfield>
  <controlfield tag="005">  20100201174300.0</controlfield>
  <controlfield tag="008">100201                       000 0 eng d</controlfield>
  <datafield tag="020" ind1=" " ind2=" ">
   <subfield code="a">9780138149437 </subfield>
  </datafield>
  <datafield tag="020" ind1=" " ind2=" ">
   <subfield code="a">0138149437 </subfield>
  </datafield>
  <datafield tag="039" ind1=" " ind2="9">
   <subfield code="a">201002011743</subfield>
   <subfield code="b">Azlin</subfield>
   <subfield code="c">201002011741</subfield>
   <subfield code="d">Azlin</subfield>
   <subfield code="c">201002011733</subfield>
   <subfield code="d">Azlin</subfield>
   <subfield code="c">201002011732</subfield>
   <subfield code="d">Azlin</subfield>
   <subfield code="y">201002011132</subfield>
   <subfield code="z">Azlin</subfield>
  </datafield>
  <datafield tag="090" ind1="0" ind2="0">
   <subfield code="a">005.2762 </subfield>
   <subfield code="b">SCH</subfield>
  </datafield>
  <datafield tag="100" ind1="1" ind2=" ">
   <subfield code="a">Schneider, David I. </subfield>
  </datafield>
  <datafield tag="245" ind1="0" ind2="0">
   <subfield code="a">An Introduction to Programming Using Visual Basic 2008 with Visual Studio Express Edition DVD / by David I. Schneider.</subfield>
  </datafield>
  <datafield tag="250" ind1=" " ind2=" ">
   <subfield code="a">7th ed..</subfield>
  </datafield>
  <datafield tag="260" ind1=" " ind2=" ">
   <subfield code="a">Upper Saddle River, New Jersey : Pearson/Prentice Hall, 2009.</subfield>
  </datafield>
  <datafield tag="300" ind1=" " ind2=" ">
   <subfield code="a">xvi, 744 p. : ill. (chiefly col.) ; 26 cm + 1 DVD-ROM.</subfield>
  </datafield>
  <datafield tag="500" ind1=" " ind2=" ">
   <subfield code="a">+ 1 DVD-ROM</subfield>
  </datafield>
  <datafield tag="650" ind1=" " ind2="0">
   <subfield code="a">BASIC (Computer program language). </subfield>
  </datafield>
  <datafield tag="650" ind1=" " ind2="0">
   <subfield code="a">Microsoft Visual BASIC. </subfield>
  </datafield>
  <datafield tag="999" ind1=" " ind2=" ">
   <subfield code="a">1000021296</subfield>
   <subfield code="b">Book</subfield>
   <subfield code="c">White Spot</subfield>
  </datafield>
  <datafield tag="999" ind1=" " ind2=" ">
   <subfield code="a">1000021297</subfield>
   <subfield code="b">Book</subfield>
   <subfield code="c">Yellow Spot</subfield>
  </datafield>
  <datafield tag="999" ind1=" " ind2=" ">
   <subfield code="a">1000021298</subfield>
   <subfield code="b">Book</subfield>
   <subfield code="c">Green Spot</subfield>
  </datafield>
 </record>
</collection>
